| 000 | 00973cad a22002055a 4500 | ||
|---|---|---|---|
| 001 | E143914 | ||
| 008 | 080606s1978 xxka f 000 0 eng d | ||
| 035 | _a(Sirsi) u143914 | ||
| 041 | 0 | _aeng | |
| 050 | 0 | 4 | _a639.9 $2 18 |
| 110 | 2 |
_aCountryside Commission for Scotland _92832 |
|
| 245 | 0 | 0 |
_aScotland's Scenic Heritage _h[electronic resource] |
| 260 |
_a[S.l.] _bCountryside Commission for Scotland _c1978 |
||
| 520 | _aDiscusses the conservation of Scotland's areas of outstanding scenic interest. Also outlines the results of research carried out by the Commission into which areas may fall into this category and require such protection. | ||
| 521 | _aAdvanced | ||
| 651 | 4 |
_aScotland _y1999- |
|
| 690 | _aENVIRONMENTAL AND LAND CONSULTANCY-ENVIRONMENTAL MANAGEMENT-ENVIRONMENTAL CONSERVATION-LANDSCAPE CONSERVATION | ||
| 856 | 4 | 0 |
_uhttps://www.snh.org.uk/publications/on-line/scotlandsscenicareas/ _zView the report free of charge at www.snh.org.uk... |
| 942 | _n0 | ||
| 999 |
_c108317 _d108317 |
||